书目信息 |
| 题名: |
应用物理学
|
|
| 作者: | 波恩顿 , 埃尔韦尔 著 ;姚震黄 译 | |
| 分册: | ||
| 出版信息: | 上海 上海科学技术文献出版社 1981 |
|
| 页数: | 362页 | |
| 开本: | 19cm | |
| 丛书名: | ||
| 单 册: | ||
| 中图分类: | O59 | |
| 科图分类: | ||
| 主题词: | 应用物理学 | |
| 电子资源: | ||
| ISBN: | ||
| 000 | 00849nam0 2200277 45 | |
| 001 | 0181004969 | |
| 005 | 20060928081607.09 | |
| 010 | @dCNY1.45 | |
| 091 | @a13192.28 | |
| 100 | @a19950117d1981 emky0chiy0121 ea | |
| 101 | 1 | @achi@ceng |
| 102 | @aCN@b310000 | |
| 105 | @ay z 000yy | |
| 200 | 10 | @a应用物理学@Aying yong wu li xue@f(美)D.埃尔韦尔,A.J.波因顿著@g姚震黄等译 |
| 210 | @a上海@c上海科学技术文献出版社@d1981 | |
| 215 | @a362页@d19cm | |
| 300 | @a本书原名:《工程师和科学家用物理学》 | |
| 517 | 1 | @a工程师和科学家用物理学@Agong cheng shi he ke xue jia yong wu li xue |
| 606 | @a应用物理学 | |
| 690 | @aO59@v3 | |
| 701 | 1 | @a波恩顿@Abo en dun@bA.J@4著 |
| 701 | 1 | @a埃尔韦尔@Aai er wei er@bD.@4著 |
| 702 | 0 | @a姚震黄@Ayao zhen huang@4译 |
| 801 | 0 | @aCN@bTSSF@c20060928 |
| 801 | 2 | @aCN@bNLC@c20060816 |
| 905 | @a10447@dO59@e3 | |
| 应用物理学/(美)D.埃尔韦尔,A.J.波因顿著/姚震黄等译.-上海:上海科学技术文献出版社,1981 |
| 362页;19cm |
| 本书原名:《工程师和科学家用物理学》 |
| ISBN :CNY1.45 |
| ● |
| 相关链接 |
|
|
|
|
正题名:应用物理学
索取号:O59/3
 
预约/预借
| 序号 | 登录号 | 条形码 | 馆藏地/架位号 | 状态 | 备注 |
| 1 | 0422477 | 204224776 | 密集书库/ [索取号:O59/3] | 在馆 | |
| 2 | 0432624 | 204326247 | 密集书库/ [索取号:O59/3] | 在馆 | |
| 3 | 0432706 | 204327068 | 密集书库/ [索取号:O59/3] | 在馆 | |
| 4 | 0432707 | 204327077 | 密集书库/ [索取号:O59/3] | 在馆 | |
| 5 | 0433058 | 204330580 | 密集书库/ [索取号:O59/3] | 在馆 | |
| 6 | 0434069 | 204340695 | 密集书库/ [索取号:O59/3] | 在馆 | |
| 7 | 0434070 | 204340702 | 密集书库/ [索取号:O59/3] | 在馆 | |
| 8 | 0434071 | 204340711 | 密集书库/ [索取号:O59/3] | 在馆 | |
| 9 | 0434072 | 204340720 | 密集书库/ [索取号:O59/3] | 在馆 | |
| 10 | 0461816 | 204618164 | 密集书库/ [索取号:O59/3] | 在馆 |